000 00598nam a2200229Ia 4500
005 20260429111900.0
008 260429s9999||||xx |||||||||||||| ||und||
020 _a9789357516396
041 _aEnglish
082 _a338.4791
_bCOO
100 _aCooper, Lean
245 0 _aCreative tourism /
_cLean Cooper
260 _aDelhi :
_bRandom Publications,
_c2024.
300 _axi, 256 p.; hb
650 _a Creative tourism
650 _a Cultural tourism
650 _a Heritage tourism
650 _a Leisure studies
650 _a Tourism management
650 _aTourism
942 _cTB
999 _c51259
_d51259